000 00673nam a2200277Ia 4500
005 20260324120033.0
008 008 260324s9999 xx 000 0 eng d
020 _a9781315611327
037 _aEBOOK
040 _aCRL
040 _beng
040 _cCRL
041 _2eng
041 _aeng
084 _qCRL
100 _aMarcus Harmes; Victoria Bladen
_91156983
245 0 _aSupernatural and Secular Power in Early Modern England
260 _bTaylor and Francis
260 _c2015
365 _a
365 _b230
856 _uhttp://www.taylorfrancis.com/books/9781315611327
942 _cEBOOK
999 _c1748278
_d1748278